书目信息 |
| 题名: |
装备自动化工程设计与实践
|
|
| 作者: | 肖维荣 , 齐蓉 编著 | |
| 分册: | ||
| 出版信息: | 北京 机械工业出版社 2021.01 |
|
| 页数: | XII, 275页 | |
| 开本: | 26cm | |
| 丛书名: | ||
| 单 册: | ||
| 中图分类: | TH165 | |
| 科图分类: | ||
| 主题词: | 机械制造--ji xie zhi zao--自动化系统--系统设计 | |
| 电子资源: | ||
| ISBN: | 978-7-111-66992-0 | |
| 000 | 01215nam0 2200277 450 | |
| 001 | 202021192027 | |
| 005 | 20211025120131.0 | |
| 010 | @a978-7-111-66992-0@dCNY59.00 | |
| 100 | @a20210922d2021 em y0chiy50 ea | |
| 101 | 0 | @achi |
| 102 | @aCN@b110000 | |
| 105 | @aa z 000yy | |
| 106 | @ar | |
| 200 | 1 | @a装备自动化工程设计与实践@Azhuang bei zi dong hua gong cheng she ji yu shi jian@f肖维荣, 齐蓉等编著 |
| 205 | @a第2版 | |
| 210 | @a北京@c机械工业出版社@d2021.01 | |
| 215 | @aXII, 275页@c图@d26cm | |
| 312 | @a英文题名取自封面 | |
| 330 | @a本书内容包含系统技术构成、设计准则、关键技术、项目管理、模块化设计、系统集成等, 从工程实用化设计的角度出发, 完整地对系统方案设计、硬件配置、自动化方案的开发工具与现代设计方法、控制软件工程化设计、仿真与控制系统无缝集成、控制网络等内容进行了系统阐述, 对多种设计方案进行比较分析, 使读者能够在一个高的技术水平起点掌握系统设计、工程实现、项目管理的方法。 | |
| 510 | 1 | @aEngineering design and practice for machinery automation@zeng |
| 606 | 0 | @a机械制造@Aji xie zhi zao@x自动化系统@x系统设计 |
| 690 | @aTH165@v5 | |
| 701 | 0 | @a肖维荣@Axiao wei rong@4编著 |
| 701 | 0 | @a齐蓉@Aqi rong@4编著 |
| 801 | 0 | @aCN@c20210909 |
| 905 | @a河南城建学院图书馆@dTH165@eX296 | |
| 装备自动化工程设计与实践/肖维荣, 齐蓉等编著.-第2版.-北京:机械工业出版社,2021.01 |
| XII, 275页:图;26cm |
| ISBN 978-7-111-66992-0:CNY59.00 |
| 本书内容包含系统技术构成、设计准则、关键技术、项目管理、模块化设计、系统集成等, 从工程实用化设计的角度出发, 完整地对系统方案设计、硬件配置、自动化方案的开发工具与现代设计方法、控制软件工程化设计、仿真与控制系统无缝集成、控制网络等内容进行了系统阐述, 对多种设计方案进行比较分析, 使读者能够在一个高的技术水平起点掌握系统设计、工程实现、项目管理的方法。 |
| ● |
| 相关链接 |
|
|
|
正题名:装备自动化工程设计与实践
索取号:TH165/X296
 
预约/预借
| 序号 | 登录号 | 条形码 | 馆藏地/架位号 | 状态 | 备注 |
| 1 | 1541089 | 215410892 | 自科库501/501自科库 38排4列1层/ [索取号:TH165/X296] | 在馆 | |
| 2 | 1541090 | 215410909 | 自科库501/501自科库 38排4列1层/ [索取号:TH165/X296] | 在馆 |